Historia general de España (Record no. 156880)

MARC details
000 -LEADER
campo de control de longitud fija 01897nam a2200265 i 4500
001 - NÚMERO DE CONTROL
campo de control 156880
003 - IDENTIFICADOR DE NÚMERO DE CONTROL
campo de control ES-MaACL
005 - FECHA Y HORA DE LA ÚLTIMA TRANSACCIÓN
campo de control 20240524202652.0
008 - DATOS DE LONGITUD FIJA--INFORMACIÓN GENERAL
campo de control de longitud fija 940202m18501867sp |||| | spa d
040 ## - FUENTE DE CATALOGACIÓN
Centro catalogador/agencia de origen AS
Lengua de catalogación spa
100 1# - ENTRADA PRINCIPAL--NOMBRE DE PERSONA
Nombre de persona Lafuente, Modesto,
Fechas asociadas al nombre 1806-1866
9 (RLIN) 69535
245 10 - MENCIÓN DEL TÍTULO
Título Historia general de España
Resto del título : desde los tiempos más remotos hasta nuestros dias /
Mención de responsabilidad, etc. por Modesto Lafuente.
260 ## - PUBLICACIÓN, DISTRIBUCIÓN, ETC.
Lugar de publicación, distribución, etc. Madrid :
Nombre del editor, distribuidor, etc. [s.n.],
Fecha de publicación, distribución, etc. 1850-1867 (
Fabricante Establecimiento Tipográfico de Mellado)
300 ## - DESCRIPCIÓN FÍSICA
Extensión 30 v. ;
Dimensiones 23 cm.
505 8# - NOTA DE CONTENIDO CON FORMATO
Nota de contenido con formato V.30 Bibliografía del autor e indice alfabético
505 8# - NOTA DE CONTENIDO CON FORMATO
Nota de contenido con formato Contiene : Parte tercera. Edad Moderna. Dominación de la Casa de Austria : Vol. XIII. Reinado de Felipe II, (567 p.) -- Parte tercera. Edad Moderna. Dominación de la Casa de Borbon : Vol. XVIII. Reinado de Felipe V, (539, [5] p.) -- Vol. XXI. Reinado de Carlos III, (532, [4] p.) -- Vol. XXII. Reinado de Carlos IV, (584 p.) -- Vol. XXX : El Señor Don Modesto Lafuente su vida y sus escritos. Índice alfabético, ([10], CLIX, [3], 337 p., [1] h. de retrato)
596 ## - NOTA AL PIE DE IMPRENTA
NOTA AL PIE DE IMPRENTA Nombre de imp de los t. 27 a 30: Imprenta del Banco Industrial y Mercantil á cargo de D. Chaulié.
597 ## - NOTA DE DESCRIPCIÓN FÍSICA
NOTA DE DESCRIPCIÓN FÍSICA Cada v. con port. y pag. propia.
597 ## - NOTA DE DESCRIPCIÓN FÍSICA
NOTA DE DESCRIPCIÓN FÍSICA Vol.I. (489 p.) -- vol.II. (543 p.) -- vol.III. (525 p.) -- vol.IV. (570 p.) -- vol.VI. (550 p.) -- vol.VII. (528 p.) -- vol.VIII. (552 p.) -- vol.IX. (574 p.) -- vol.X. (522 p.) -- vol.XI. (522 p.) -- vol.XII. (541 p.) -- vol.XIII. (567 p.) -- vol.XIV (508 p.) -- vol.XV (542 p.) -- vol.XVI. (555 p.) -- vol.XIX. (553 p.) -- vol.XX. (521 p.) -- vol.XXVI (511 p.) -- vol.XXVII. (520 p.) -- vol.XXVIII (526 p.) -- vol.XXIX (518 p.)
597 ## - NOTA DE DESCRIPCIÓN FÍSICA
NOTA DE DESCRIPCIÓN FÍSICA Anteps.
599 ## - NOTA A LAS ILUSTRACIONES
NOTA A LAS ILUSTRACIONES Retrato del autor en v.30: "R.Mosquera dib.º y lit.º"
651 #4 - PUNTO DE ACCESO ADICIONAL DE MATERIA--NOMBRE GEOGRÁFICO
Nombre geográfico España-
Subdivisión general Historia.
9 (RLIN) 8209
852 ## - LOCALIZACIÓN
Ubicación ES-MaACL
Número de control de estantería C-183-212
Nota libre -- Enc. hol.
Holdings
Estatus retirado Estado de pérdida Estado de daño No para préstamo Colección Biblioteca de origen Biblioteca actual Ubicación en estantería Fecha de adquisición Fuente de adquisición Total de préstamos Signatura topográfica completa Código de barras Visto por última vez Precio de reemplazo Tipo de ítem Koha
        Libros del s. XIX Biblioteca del Ateneo de Madrid Biblioteca del Ateneo de Madrid Sala Palomar 17/01/2008     C-183-212 1164135 23/02/2023 23/02/2023 Libro impreso antiguo